Statistics for UK Football Stadiums

Click here to take the quiz!

General Stats

  • This quiz has been taken 128 times
  • The average score is 23 of 40

Answer Stats

HintAnswer% Correct
EmiratesArsenal
100%
AnfieldLiverpool
98%
Stamford BridgeChelsea
95%
Goodison ParkEverton
94%
Villa ParkAston Villa
91%
London StadiumWest Ham United
90%
King Power StadiumLeicester
88%
Elland RoadLeeds
87%
Craven CottageFulham
84%
Stadium of LightSunderland
84%
Turf MoorBurnley
80%
Carrow RoadNorwich
76%
Bramall LaneSheffield United
71%
Bet365 StadiumStoke City
70%
The DenMillwall
69%
Riverside StadiumMiddlesbrough
68%
St AndrewsBirmingham City
65%
Ashton GateBristol City
63%
Pride ParkDerby County
63%
Fratton ParkPortsmouth
63%
Ewood ParkBlackburn Rovers
60%
DW StadiumWigan Athletic
57%
Liberty StadiumSwansea City
47%
Portman RoadIpswich Town
46%
OakwellBarnsley
45%
Meadow LaneNotts County
45%
Bloomfield RoadBlackpool
44%
New York StadiumRotherham United
39%
Home ParkPlymouth Argyle
35%
Rodney ParadeNewport County
32%
Valley ParadeCharlton Athletic
31%
Keepmoat StadiumDoncaster Rovers
31%
London RoadPeterborough
27%
Bescot StadiumWalsall
24%
County GroundSwindon Town
23%
Highbury StadiumFleetwood Town
22%
Sincil BankLincoln City
22%
Abbey StadiumCambridge United
20%
Brunton ParkCarlisle united
17%
Moor LaneSalford City
12%

Score Distribution

Percentile by Number Answered

Percent of People with Each Score

Your Score History

You have not taken this quiz